<?xml version="1.0" encoding="UTF-8"?>
<record
    xmlns:xsi="http://www.w3.org/2001/XMLSchema-instance"
    xsi:schemaLocation="http://www.loc.gov/MARC21/slim http://www.loc.gov/standards/marcxml/schema/MARC21slim.xsd"
    xmlns="http://www.loc.gov/MARC21/slim">

  <leader>01948nam a22002177a 4500</leader>
  <controlfield tag="003">OSt</controlfield>
  <controlfield tag="005">20241015142942.0</controlfield>
  <controlfield tag="008">241015b           ||||| |||| 00| 0 spa d</controlfield>
  <datafield tag="020" ind1=" " ind2=" ">
    <subfield code="a">9789584294777</subfield>
  </datafield>
  <datafield tag="040" ind1=" " ind2=" ">
    <subfield code="c">CO-Mq BPB</subfield>
  </datafield>
  <datafield tag="041" ind1=" " ind2=" ">
    <subfield code="a">spa</subfield>
  </datafield>
  <datafield tag="082" ind1=" " ind2=" ">
    <subfield code="a">AN</subfield>
    <subfield code="b">TELa</subfield>
  </datafield>
  <datafield tag="100" ind1=" " ind2=" ">
    <subfield code="a"> Le Tellier, Herv&#xE9;</subfield>
    <subfield code="d">1957</subfield>
    <subfield code="e">autor</subfield>
  </datafield>
  <datafield tag="245" ind1=" " ind2=" ">
    <subfield code="a">La anomal&#xED;a</subfield>
  </datafield>
  <datafield tag="264" ind1=" " ind2=" ">
    <subfield code="a">Barcelona, Espa&#xF1;a:</subfield>
    <subfield code="b">Seix-Barral</subfield>
    <subfield code="c">2021</subfield>
  </datafield>
  <datafield tag="300" ind1=" " ind2=" ">
    <subfield code="a">366 p&#xE1;ginas</subfield>
    <subfield code="b">tapa rustica</subfield>
    <subfield code="c">23 cm</subfield>
  </datafield>
  <datafield tag="521" ind1=" " ind2=" ">
    <subfield code="a">Una novela muy inteligente, muy fresca, extraordinariamente divertida y bien armada, dotada de una virtud que solo est&#xE1; al alcance de grandes novelas: es f&#xE1;cil de leer y dif&#xED;cil de entender.&#xBB;, Javier Cercas.&#xAB;Un argumento tan genial como complejo, tan entretenido como inveros&#xED;mil, tan extra&#xF1;o como absorbente.&#xBB;, Pedro Bosqued, Heraldo de Arag&#xF3;n.&#xAB;Una de las lecturas m&#xE1;s originales y absorbentes de los &#xFA;ltimos tiempos.&#xBB;, Sergio Vila-Sanju&#xE1;n, Cultura/s (La Vanguardia).&#xAB;Una genialidad verdaderamente entretenida.&#xBB;, Les Inrockuptibles.&#xAB;A este libro no le falta imaginaci&#xF3;n ni ingenio. A caballo entre Roald Dahl y El doble de Dostoievski reescrito por Raymond Queneau.&#xBB;, L?Express.El 10 de marzo de 2021 los doscientos cuarenta y tres pasajeros de un avi&#xF3;n procedente de Paris aterrizan en Nueva York despu&#xE9;s de pasar por una terrible tormenta. Ya en tierra, cada uno sigue con su vida. Tres meses m&#xE1;s tarde, y contra toda l&#xF3;gica, un avi&#xF3;n id&#xE9;ntico, con los mismos pasajeros y el mismo equipo a bordo, aparece en el cielo de Nueva York. Nadie se explica este incre&#xED;ble fen&#xF3;meno que va a desatar una crisis pol&#xED;tica, medi&#xE1;tica y cient&#xED;fica sin precedentes en la que cada uno de los pasajeros acabar&#xE1; encontr&#xE1;ndose cara a cara con una versi&#xF3;n distinta de s&#xED; mismos.   Herv&#xE9; Le Tellier firma una novela brillante, inteligente y virtuosa en la que la l&#xF3;gica se funde con lo imposible.</subfield>
  </datafield>
  <datafield tag="650" ind1=" " ind2=" ">
    <subfield code="a">Literatura</subfield>
  </datafield>
  <datafield tag="650" ind1=" " ind2=" ">
    <subfield code="a">Narrativa</subfield>
  </datafield>
  <datafield tag="942" ind1=" " ind2=" ">
    <subfield code="2">ddc</subfield>
    <subfield code="c">BKLIT</subfield>
  </datafield>
  <datafield tag="999" ind1=" " ind2=" ">
    <subfield code="c">15724</subfield>
    <subfield code="d">15724</subfield>
  </datafield>
  <datafield tag="952" ind1=" " ind2=" ">
    <subfield code="0">0</subfield>
    <subfield code="1">0</subfield>
    <subfield code="2">ddc</subfield>
    <subfield code="4">0</subfield>
    <subfield code="7">0</subfield>
    <subfield code="8">LA</subfield>
    <subfield code="a">BPMOS</subfield>
    <subfield code="b">BPMOS</subfield>
    <subfield code="c">FIC</subfield>
    <subfield code="d">2024-10-15</subfield>
    <subfield code="e">Donaci&#xF3;n</subfield>
    <subfield code="i">NT</subfield>
    <subfield code="l">3</subfield>
    <subfield code="o">AN TELa</subfield>
    <subfield code="p">MOS503955</subfield>
    <subfield code="r">2026-01-29</subfield>
    <subfield code="s">2026-01-29</subfield>
    <subfield code="t">Ej.1</subfield>
    <subfield code="w">2024-10-15</subfield>
    <subfield code="y">BKLIT</subfield>
    <subfield code="z">Quince dias</subfield>
  </datafield>
</record>
